| 000 | 00488nam a22001577a 4500 | ||
|---|---|---|---|
| 005 | 20251108164026.0 | ||
| 008 | 250721s1984 xx 000 0 ara d | ||
| 082 | 1 | 4 | _a320.532/مشو |
| 100 | 1 | _aالمشوخي، عابد سليمان | |
| 245 | 1 | 0 | _aحقيقة المواقف الشيوعية من القضية الفلسطينية / |
| 264 | 1 |
_aالزرقاء : _bمكتبة المنار، _c1984. |
|
| 300 | _a70ص | ||
| 650 | 1 | 7 | _aالشيوعية |
| 942 |
_2ddc _cBK |
||
| 999 |
_c1721 _d1721 |
||